000 00922nam a2200265 a 4500
001 BRCA_5045
005 20190320204922.0
008 051110r1897----nyua######---#000-0#eng-#
041 _aeng
044 _anyu
050 4 _aNE654.D8
_b.C37 1897
245 1 0 _aA chronological catalogue of the engravings, dry-points and etchings of Albert Dürer
_bas exhibited at the Grolier Club
_ccompiled by S. R. Koehler.
260 _aNueva York
_bThe Grolier Club of New York
_c1897
300 _alxi, 103 p.
_bil.
_c32 cm.
500 _aIncluye lista de ilustraciones e ilustraciones biográficas
500 _aD130
504 _aBibliografía: p. 99-103
600 1 4 _aDurero, Alberto
_d1471-1528
_910301
650 1 4 _aGrabadores alemanes
_97216
650 1 4 _aGalerías y museos
_zEstados Unidos
_97437
650 1 4 _aGrabados alemanes
_912882
700 1 _aKoehler, S. R.
_ecompilador
_912883
902 _aGFM
942 _2lcc
_cB
999 _c4739
_d4739